| 000 | 00974nam a22002177a 4500 | ||
|---|---|---|---|
| 005 | 20220413104236.0 | ||
| 008 | 220309b ||||| |||| 00| 0 eng d | ||
| 020 | _a9781847870308 | ||
| 040 | _cAL | ||
| 041 | _aeng | ||
| 082 |
_223 _a070.175 _bHOLM |
||
| 100 |
_aTim Holmes _923147 |
||
| 245 | _aMagazine Journalism | ||
| 260 |
_aLondon _bSage _c2012 |
||
| 300 |
_a193p. _bPB _c23.5x15cm |
||
| 365 |
_2General _aVBI-1347 _b₹2518.73 _c₹ _d₹3358.30 _e25% _f21/02/2022 |
||
| 520 | _aAt a time when magazines are undergoing active redefinition, this book represents a welcome intervention. It engages with a host of pressing issues in a manner alert to professional priorities while, at the same time, encouraging new ways of thinking about the challenges shaping this fast-moving field. Holmes and Nice are trustworthy guides, taking the reader on what proves to be a fascinating journey." | ||
| 650 |
_aMedia _923148 |
||
| 700 |
_aNice, Liz _929788 |
||
| 942 |
_2ddc _cBK |
||
| 999 |
_c221772 _d221772 |
||